La perfecta casada
Gorde:
| Egile nagusia: | |
|---|---|
| Formatua: | Liburua |
| Hizkuntza: | Undetermined |
| Argitaratua: |
Argentina
Sopena Argentina
1946
|
| Edizioa: | 4 edición |
| Gaiak: | |
| Etiketak: |
Etiketa erantsi
Etiketarik gabe, Izan zaitez lehena erregistro honi etiketa jartzen!
|
MARC
| LEADER | 00000nam a2200000Ia 4500 | ||
|---|---|---|---|
| 008 | 170316s9999 xx 000 0 und d | ||
| 040 | |a cru BVZT | ||
| 090 | |a 862 L-11p | ||
| 100 | |a León, Fray Luis de | ||
| 245 | |a La perfecta casada | ||
| 250 | |a 4 edición | ||
| 260 | |a Argentina | ||
| 260 | |b Sopena Argentina | ||
| 260 | |c 1946 | ||
| 300 | |a 157 páginas | ||
| 650 | |a LITERATURA ESPAÑOLA | ||
| 650 | |a ESCRITO SOBRE LA MUJER | ||
| 650 | |a LA MUJER DEL SIGLO DE ORO | ||
| 650 | |a INFLUENCIA RELIGIOSA | ||
| 999 | |c 10057 |d 10057 | ||
| 942 | |c 15 D |h 862 L-11p |2 z | ||
